[Event "UNAM w Prelim C"]
[Site "Mexico City MEX"]
[Date "2012.11.16"]
[Round "1.4"]
[White "Gara, Ticia"]
[Black "Toro Pradenas, Maria Jose"]
[Result "1-0"]
[WhiteTitle "WGM"]
[BlackTitle "WFM"]
[WhiteElo "2377"]
[BlackElo "2009"]
[WhiteFideId "717444"]
[BlackFideId "3412610"]
[EventDate "2012.11.16"]

1. e4 c5 2. Nf3 e6 3. d4 cxd4 4. Nxd4 a6 5. Bd3 Nf6 6. O-O Qc7 7. Qe2 d6 8. f4
Nbd7 9. c4 Be7 10. Nc3 b6 11. Kh1 O-O 12. Bd2 Bb7 13. Rac1 Rac8 14. b3 Qb8 15.
Bb1 Bd8 16. f5 Re8 17. fxe6 fxe6 18. Nf3 Bc7 19. Rce1 Qa8 20. Bg5 b5 21. Nd4
bxc4 22. Bxf6 Nxf6 23. Rxf6 gxf6 24. Qg4+ Kh8 25. Nxe6 Re7 26. Qf5 Rf7 27. Ng5
Rg7 28. Qxf6 Rf8 29. Qd4 Bb6 30. Qxb6 Rxg5 31. Qxd6 Rfg8 32. Qf6+ R8g7 33. Rd1
Rxg2 34. Rd8+ Qxd8 35. Qxd8+ Rg8 36. Qd4+ R8g7 37. bxc4 Bc8 38. Qd8+ Rg8 39.
Qd4+ R8g7 40. Qd1 1-0

[Event "UNAM w Prelim C"]
[Site "Mexico City MEX"]
[Date "2012.11.17"]
[Round "2.1"]
[White "Botez, Alexandra"]
[Black "Gara, Ticia"]
[Result "1-0"]
[WhiteTitle "WCM"]
[BlackTitle "WGM"]
[WhiteElo "2015"]
[BlackElo "2377"]
[WhiteFideId "2603365"]
[BlackFideId "717444"]
[EventDate "2012.11.16"]

1. d4 Nf6 2. c4 c5 3. d5 e6 4. Nc3 exd5 5. cxd5 d6 6. Nf3 g6 7. Bf4 Bg7 8. Qa4+
Bd7 9. Qb3 Qc7 10. h3 O-O 11. e3 Na6 12. Be2 Rac8 13. Nd2 Ne8 14. O-O Be5 15.
Bxe5 dxe5 16. Bxa6 bxa6 17. Nde4 c4 18. Qa3 f5 19. Nd2 Qd6 20. Qxd6 Nxd6 21. f3
Rb8 22. Rab1 Rb4 23. Rfc1 Rfb8 24. Nd1 Rc8 25. e4 Rb7 26. Ne3 Rbc7 27. Rc3 f4
28. Nd1 Nb5 29. Rcc1 Nd4 30. Nc3 Rb7 31. Kf2 Kf7 32. Ne2 Nxe2 33. Kxe2 Bb5 34.
Rc3 a5 35. Kf2 Ba6 36. b3 Rb4 37. a3 Rb6 38. Rbc1 Rcb8 39. bxc4 Rb2 40. R3c2 a4
41. c5 Ke7 42. c6 Rxc2 43. Rxc2 Kd6 44. Nc4+ Bxc4 45. Rxc4 Kc7 46. Rxa4 Rb2+ 47.
Kg1 Rb1+ 48. Kh2 Kd6 49. Rxa7 Rc1 50. Rxh7 Rc3 51. Rh6 Rxc6 52. dxc6 1-0

[Event "UNAM w Prelim C"]
[Site "Mexico City MEX"]
[Date "2012.11.17"]
[Round "2.2"]
[White "Gara, Ticia"]
[Black "Botez, Alexandra"]
[Result "1-0"]
[WhiteTitle "WGM"]
[BlackTitle "WCM"]
[WhiteElo "2377"]
[BlackElo "2015"]
[WhiteFideId "717444"]
[BlackFideId "2603365"]
[EventDate "2012.11.16"]

1. e4 e6 2. d4 d5 3. Nd2 c5 4. Ngf3 cxd4 5. exd5 Qxd5 6. Bc4 Qd8 7. Nb3 Nc6 8.
O-O Nf6 9. Qe2 Be7 10. Rd1 Qc7 11. Nbxd4 Nxd4 12. Rxd4 a6 13. Bf4 Qa5 14. Rad1
O-O 15. Ne5 Bc5 16. R4d3 b5 17. Bb3 Bb7 18. Rg3 Bxf2+ 19. Qxf2 Ne4 20. Qe3 Nxg3
21. Qxg3 Kh8 22. Bd2 Qd8 23. c3 Be4 24. Bh6 Qb6+ 25. Be3 Qb8 26. Qf4 Bg6 27. Rf1
Qc8 28. Nxg6+ hxg6 29. Bd4 a5 30. Qh6+ 1-0

[Event "UNAM w Prelim C"]
[Site "Mexico City MEX"]
[Date "2012.11.17"]
[Round "2.3"]
[White "Botez, Alexandra"]
[Black "Gara, Ticia"]
[Result "0-1"]
[WhiteTitle "WCM"]
[BlackTitle "WGM"]
[WhiteElo "2015"]
[BlackElo "2377"]
[WhiteFideId "2603365"]
[BlackFideId "717444"]
[EventDate "2012.11.16"]

1. d4 Nf6 2. c4 g6 3. f3 d5 4. cxd5 Nxd5 5. e4 Nb6 6. Nc3 Bg7 7. Be3 O-O 8. f4
Nc6 9. d5 Na5 10. Bd4 e5 11. Bxe5 Bxe5 12. fxe5 Qh4+ 13. g3 Qe7 14. Qd4 Rd8 15.
b4 Nc6 16. Qc5 Qg5 17. Nf3 Qh5 18. Be2 Nxe5 19. O-O Bh3 20. Nh4 Qg5 21. Rf4 Nbd7
22. Qf2 h5 23. Nb5 Qe7 24. Bf1 Bxf1 25. Qxf1 Qxb4 26. Rc1 c6 27. Nc3 Qd4+ 28.
Kh1 Nc5 29. Nf3 Nxf3 30. Qxf3 Qg7 31. Ne2 Nd7 32. dxc6 bxc6 33. Qc3 Qxc3 34.
Rxc3 c5 35. Kg2 Rab8 36. Rc2 Ne5 37. Rf6 Ng4 38. Rc6 Ra8 0-1

[Event "UNAM w Prelim C"]
[Site "Mexico City MEX"]
[Date "2012.11.17"]
[Round "2.4"]
[White "Gara, Ticia"]
[Black "Botez, Alexandra"]
[Result "0-1"]
[WhiteTitle "WGM"]
[BlackTitle "WCM"]
[WhiteElo "2377"]
[BlackElo "2015"]
[WhiteFideId "717444"]
[BlackFideId "2603365"]
[EventDate "2012.11.16"]

1. e4 e6 2. d4 d5 3. Nd2 c5 4. Ngf3 Nf6 5. e5 Nfd7 6. c3 Nc6 7. Bd3 Be7 8. O-O
c4 9. Bc2 b5 10. Re1 b4 11. h3 Nb6 12. Nh2 Bd7 13. Qg4 g6 14. Ndf3 h5 15. Qf4
Qc7 16. Ng5 Bxg5 17. Qxg5 Qd8 18. Qg3 a5 19. Bg5 Qc7 20. Nf3 Ne7 21. Bxe7 Kxe7
22. Qg5+ Ke8 23. Bxg6 Qd8 24. Qxd8+ Rxd8 25. Bc2 Ke7 26. Re3 Rhg8 27. Nh4 Rg7
28. f4 Rdg8 29. Kf2 Na4 30. Bxa4 Bxa4 31. f5 Rg5 32. f6+ Kd7 33. b3 Bc6 34. g3
Rb8 35. Nf3 Rgg8 36. h4 a4 37. cxb4 Rxb4 38. bxc4 dxc4 39. Ng5 Rf8 40. Rc1 Bd5
41. Nh3 Rb2+ 42. Re2 Rfb8 43. Rcc2 a3 44. Ke3 Rxc2 45. Rxc2 Rb2 46. Kd2 Be4 47.
Ng1 0-1

[Event "UNAM w Prelim C"]
[Site "Mexico City MEX"]
[Date "2012.11.17"]
[Round "2.1"]
[White "Andrenko, Irina"]
[Black "Toro Pradenas, Maria Jose"]
[Result "1-0"]
[WhiteTitle "WIM"]
[BlackTitle "WFM"]
[WhiteElo "2233"]
[BlackElo "2009"]
[WhiteFideId "14118270"]
[BlackFideId "3412610"]
[EventDate "2012.11.16"]

1. e4 c5 2. Nf3 e6 3. d4 cxd4 4. Nxd4 a6 5. Bd3 Qc7 6. O-O Nf6 7. Nc3 Bc5 8. Nb3
Be7 9. f4 d6 10. Qf3 O-O 11. Be3 Nbd7 12. Rae1 b6 13. Qh3 g6 14. g4 Nc5 15. Nxc5
dxc5 16. e5 Nd5 17. Nxd5 exd5 18. c3 h5 19. f5 c4 20. Bc2 Qxe5 21. Bd4 Qd6 22.
gxh5 g5 23. h6 Bf6 24. Re3 Kh7 25. Rg3 Rg8 26. Qh5 Bxd4+ 27. cxd4 Qf6 28. Rf2
Bd7 29. Kf1 Rae8 30. Rfg2 Bxf5 31. Bxf5+ Qxf5+ 32. Rf2 Qd3+ 33. Rxd3 cxd3 34.
Qxf7+ Kh8 35. Qf6+ Kh7 36. Qf7+ Kxh6 37. Rf6+ 1-0

[Event "UNAM w Prelim C"]
[Site "Mexico City MEX"]
[Date "2012.11.17"]
[Round "2.2"]
[White "Toro Pradenas, Maria Jose"]
[Black "Andrenko, Irina"]
[Result "0-1"]
[WhiteTitle "WFM"]
[BlackTitle "WIM"]
[WhiteElo "2009"]
[BlackElo "2233"]
[WhiteFideId "3412610"]
[BlackFideId "14118270"]
[EventDate "2012.11.16"]

1. e4 g6 2. d4 Bg7 3. g3 d6 4. Bg2 Nf6 5. Ne2 O-O 6. O-O c6 7. f4 Qc7 8. e5 Nfd7
9. c3 f5 10. Nd2 d5 11. Kh1 b6 12. b3 Bb7 13. c4 Re8 14. Ba3 Nf8 15. Rc1 Qd8 16.
cxd5 cxd5 17. Nc3 Ne6 18. Nf3 Nc6 19. Qd2 Rc8 20. Rfd1 Qd7 21. Bb2 Bf8 22. Qf2
Ng7 23. Ng5 Na5 24. Ba3 e6 25. Bxf8 Rxf8 26. Qe2 h6 27. Nf3 Ne8 28. Nh4 Qf7 29.
Qd2 Nc7 30. Bf1 Kg7 31. Be2 Qe7 32. Rg1 Nc6 33. Nf3 h5 34. Qd1 Nd8 35. Ng5 Nf7
36. Nf3 Ne8 37. h3 Kg8 38. Qd2 Ng7 39. Rg2 Nh6 40. Nb5 Rxc1+ 41. Qxc1 Rc8 42.
Qd2 Nf7 43. Nh4 Kh7 44. Qd1 Bc6 45. a4 Bxb5 46. Bxb5 Qc7 47. Bd3 Qc1 48. Rd2 Rc3
49. Qxc1 Rxc1+ 50. Kg2 Ne8 51. Nf3 Nc7 52. Rc2 Rxc2+ 53. Bxc2 Na6 54. Ne1 Nb4
55. Bd1 Nd8 56. g4 hxg4 57. hxg4 Ndc6 58. Nf3 Kg7 59. gxf5 gxf5 60. Kf2 Kf7 61.
Ke3 Ke7 62. Ng5 Na5 63. Kd2 0-1

[Event "UNAM w Prelim C"]
[Site "Mexico City MEX"]
[Date "2012.11.17"]
[Round "2.3"]
[White "Andrenko, Irina"]
[Black "Toro Pradenas, Maria Jose"]
[Result "1/2-1/2"]
[WhiteTitle "WIM"]
[BlackTitle "WFM"]
[WhiteElo "2233"]
[BlackElo "2009"]
[WhiteFideId "14118270"]
[BlackFideId "3412610"]
[EventDate "2012.11.16"]

1. e4 c5 2. Nf3 e6 3. d4 cxd4 4. Nxd4 a6 5. Nc3 Qc7 6. g3 b5 7. Bg2 Bb7 8. O-O
d6 9. a4 b4 10. Na2 Nf6 11. Re1 Be7 12. Bg5 Nbd7 13. Qd2 Nc5 14. Bxf6 Bxf6 15.
Nxb4 O-O 16. Ra3 Nd7 17. c3 Nb6 18. b3 a5 19. Nbc2 d5 20. Nb5 Qb8 21. exd5 Bxd5
22. Bxd5 Nxd5 23. Ncd4 Qb6 24. Ra2 Rfd8 25. Qc1 Rac8 26. Rc2 Nc7 27. Nxc7 Rxc7
28. Nb5 Rcd7 29. Rce2 Rd5 30. Qe3 Qb8 31. b4 Rd3 32. Qc1 Qa8 33. Re3 axb4 34.
Rxd3 Rxd3 35. cxb4 Qxa4 36. Qc8+ Rd8 37. Qc4 Rb8 38. Rc1 g6 39. Nd6 Qxb4 40.
Qxb4 Rxb4 41. Rc8+ Kg7 42. Rc7 Be5 43. Rxf7+ Kg8 44. Rd7 Rd4 45. Rd8+ Kg7 46.
Nb7 Rxd8 47. Nxd8 Kf6 48. Nc6 Bd6 49. f4 e5 50. fxe5+ Bxe5 51. Nxe5 Kxe5 1/2-1/2

[Event "UNAM w Prelim C"]
[Site "Mexico City MEX"]
[Date "2012.11.17"]
[Round "2.4"]
[White "Toro Pradenas, Maria Jose"]
[Black "Andrenko, Irina"]
[Result "1/2-1/2"]
[WhiteTitle "WFM"]
[BlackTitle "WIM"]
[WhiteElo "2009"]
[BlackElo "2233"]
[WhiteFideId "3412610"]
[BlackFideId "14118270"]
[EventDate "2012.11.16"]

1. e4 d6 2. d4 Nf6 3. Nc3 g6 4. g3 Bg7 5. Bg2 O-O 6. Nge2 c6 7. O-O e5 8. Kh1
Nbd7 9. d5 cxd5 10. Nxd5 Nxd5 11. Qxd5 Nb6 12. Qd3 Be6 13. b3 d5 14. Ba3 Re8 15.
Rad1 d4 16. c3 dxc3 17. Qxc3 Qc8 18. Qe3 Rd8 19. Nc3 Qc6 20. Bc5 Nd7 21. Be7 Re8
22. Nd5 Bxd5 23. exd5 Qb6 24. Qxb6 axb6 25. d6 Rab8 26. Rc1 Bf8 27. Bxf8 Nxf8
28. Rfd1 Red8 29. f4 exf4 30. gxf4 Rd7 31. Rc2 Rbd8 32. Rcd2 f5 33. Bf1 Kg7 34.
Bb5 Rf7 35. d7 Re7 36. Kg2 Kf6 37. Kf3 Re6 38. Rd6 Ke7 39. Rxe6+ Nxe6 40. Re1
Kf6 41. a4 Nc5 42. Re8 Ne6 43. Rxd8 Nxd8 44. Ke3 Ke7 45. Kd4 Kd6 46. Kc4 Nf7 47.
b4 Nd8 48. a5 Nf7 49. Kc3 Nd8 50. Kd4 Nf7 51. Ba4 Nd8 52. Kc4 Kc7 53. Kd5 Ne6
54. Ke5 Nxf4 1/2-1/2

[Event "UNAM w Prelim C"]
[Site "Mexico City MEX"]
[Date "2012.11.17"]
[Round "2.2"]
[White "Ordaz Valdes, Lisandra Teresa"]
[Black "Maisuradze, Nino"]
[Result "1-0"]
[WhiteTitle "WGM"]
[BlackTitle "WGM"]
[WhiteElo "2350"]
[BlackElo "2315"]
[WhiteFideId "3506940"]
[BlackFideId "13601717"]
[EventDate "2012.11.16"]

1. d4 d5 2. Nf3 Nf6 3. e3 e6 4. Bd3 b6 5. O-O Ba6 6. Bxa6 Nxa6 7. c4 Nb8 8. Ne5
Bd6 9. Qa4+ c6 10. Nc3 O-O 11. cxd5 exd5 12. Qc2 c5 13. Bd2 Nbd7 14. f4 a6 15.
a4 Re8 16. Rae1 Nf8 17. Qb3 c4 18. Qc2 Qb8 19. g4 Qb7 20. g5 N6d7 21. Qf5 Nxe5
22. fxe5 Bb4 23. Rf3 Bxc3 24. Bxc3 a5 25. Ref1 Ra7 26. h4 Qd7 27. Qxd7 Rxd7 28.
Kf2 Ne6 29. Ke2 Rb8 30. Kd2 Nf8 31. Rg3 Ne6 32. Kc2 Rbb7 33. Rgf3 Rb8 34. Rg3
Rbb7 35. Rb1 Rb8 36. Rf3 Rc7 37. Rff1 Nf8 38. Kd2 Ne6 39. Rfc1 h6 40. gxh6 g6
41. b4 axb4 42. Rxb4 Kh7 43. Rcb1 Rcb7 44. a5 b5 45. a6 Ra7 46. Rxb5 Rxb5 47.
Rxb5 Nc7 48. Rb7 Rxb7 49. axb7 Na6 50. Ba5 Kxh6 51. Bc7 Kh5 52. b8=Q Nxb8 53.
Bxb8 Kxh4 54. e4 Kg5 55. exd5 Kf5 56. Bc7 g5 57. Bd8 g4 58. Bh4 f6 59. exf6 Kg6
60. Kc3 Kf7 61. Kxc4 Ke8 62. Kc5 Kd7 63. f7 g3 64. f8=Q 1-0

[Event "UNAM w Prelim C"]
[Site "Mexico City MEX"]
[Date "2012.11.17"]
[Round "2.4"]
[White "Ordaz Valdes, Lisandra Teresa"]
[Black "Maisuradze, Nino"]
[Result "1/2-1/2"]
[WhiteTitle "WGM"]
[BlackTitle "WGM"]
[WhiteElo "2350"]
[BlackElo "2315"]
[WhiteFideId "3506940"]
[BlackFideId "13601717"]
[EventDate "2012.11.16"]

1. d4 d5 2. c4 e6 3. Nc3 Be7 4. Nf3 Nf6 5. Bg5 O-O 6. e3 h6 7. Bh4 Ne4 8. Bxe7
Qxe7 9. Rc1 c6 10. Bd3 Nxc3 11. Rxc3 dxc4 12. Bxc4 Nd7 13. O-O e5 14. Bb3 Rd8
15. Qc2 exd4 16. exd4 Nf8 17. d5 cxd5 18. Bxd5 Be6 19. Rc7 Rd7 20. Rxd7 Qxd7 21.
Bxe6 Nxe6 22. Rd1 Qe7 23. g3 Rd8 24. Rxd8+ Qxd8 25. Qd2 Qc7 26. h3 Qc6 27. Qe3
a5 28. Nd4 Nxd4 29. Qxd4 a4 30. a3 Kh7 31. h4 g5 32. hxg5 hxg5 33. Qd3+ Kg7 34.
Qd4+ f6 35. Kf1 Kg6 36. Ke2 b5 37. Kd2 f5 38. Qd8 f4 39. g4 Qc5 40. Qg8+ Kf6 41.
Qh8+ Ke6 42. Qg8+ Kd7 43. Qf7+ Kc6 44. Qe8+ Kd5 45. Qd7+ Ke4 46. Qd3+ Ke5 47.
Qf5+ Kd6 48. Qf8+ Kc6 49. Qc8+ Kb6 50. Qb8+ Kc6 51. Qc8+ Kb6 52. Qb8+ Kc6 53.
Qc8+ 1/2-1/2

[Event "UNAM w Prelim C"]
[Site "Mexico City MEX"]
[Date "2012.11.18"]
[Round "3.1"]
[White "Ordaz Valdes, Lisandra Teresa"]
[Black "Botez, Alexandra"]
[Result "1-0"]
[WhiteTitle "WGM"]
[BlackTitle "WCM"]
[WhiteElo "2350"]
[BlackElo "2015"]
[WhiteFideId "3506940"]
[BlackFideId "2603365"]
[EventDate "2012.11.16"]

1. d4 Nf6 2. c4 g6 3. Nc3 d6 4. e4 Bg7 5. f4 O-O 6. Nf3 c5 7. dxc5 Qa5 8. Bd3
Qxc5 9. Qe2 a6 10. Be3 Qh5 11. h3 Bg4 12. O-O Bd7 13. e5 Ne8 14. Ne4 f5 15. Ng3
Qh6 16. exd6 exd6 17. c5 d5 18. Ng5 Qh4 19. Nh1 Bf6 20. Nf3 Qh6 21. Nf2 Nc6 22.
Bc2 d4 23. Qc4+ Kh8 24. Nxd4 Qg7 25. Nf3 Bxb2 26. Rab1 Nc7 27. Qb3 Bf6 28. Rfd1
Nb5 29. Rbc1 Rfe8 30. Bd2 Be6 31. Qb1 Ncd4 32. Nxd4 Nxd4 33. Re1 Bd5 34. Bd3 Bc6
35. Bc3 Rad8 36. Rxe8+ Rxe8 37. Qb2 Ne2+ 38. Bxe2 Bxc3 39. Rxc3 Rxe2 40. Qxe2
Qxc3 41. Qe5+ Qxe5 42. fxe5 Kg8 43. Nd3 Bd5 44. a3 Kf7 45. Nf4 Bc6 46. h4 Be4
47. Kf2 h6 48. g3 g5 49. hxg5 hxg5 50. Nh3 Kg6 51. Ke3 Bd5 52. Nf2 Bc4 53. Kd4
Be6 54. Nd3 Kf7 55. Ne1 Ke7 56. Nf3 g4 57. Ng1 Kd7 58. Ne2 Kc6 59. Nf4 Kd7 60.
Nh5 Kc6 61. Ng7 Kd7 62. Nh5 Kc6 63. Nf4 Kd7 64. Nd3 Kc7 65. Nb4 Kd7 66. c6+ bxc6
67. Nxa6 f4 68. gxf4 g3 69. Ke3 Bd5 70. Nc5+ Kc7 71. Na4 Bb3 72. Nc5 Bd5 73.
Na6+ Kb6 74. Nb4 Be6 75. Kf3 c5 76. Nd3 c4 77. Nc1 Kb5 78. Kxg3 c3 79. Kf2 Kc4
80. Ke3 Bf5 81. a4 Kb4 82. Kd4 Kxa4 83. Kxc3 Kb5 84. Kd4 Kc6 85. Ne2 Kd7 86. Ng3
Bh7 87. f5 Ke7 88. Kd5 Ke8 89. e6 Ke7 90. Ke5 Bg8 91. f6+ Kf8 92. Nf5 1-0

[Event "UNAM w Prelim C"]
[Site "Mexico City MEX"]
[Date "2012.11.18"]
[Round "3.2"]
[White "Botez, Alexandra"]
[Black "Ordaz Valdes, Lisandra Teresa"]
[Result "0-1"]
[WhiteTitle "WCM"]
[BlackTitle "WGM"]
[WhiteElo "2015"]
[BlackElo "2350"]
[WhiteFideId "2603365"]
[BlackFideId "3506940"]
[EventDate "2012.11.16"]

1. d4 d5 2. c4 e6 3. Nf3 Nf6 4. Nc3 Be7 5. Bg5 O-O 6. e3 h6 7. Bh4 Ne4 8. Bxe7
Qxe7 9. Rc1 c6 10. Bd3 Nxc3 11. Rxc3 dxc4 12. Bxc4 Nd7 13. O-O e5 14. Qc2 Rd8
15. Bd3 exd4 16. exd4 Nf8 17. Re1 Be6 18. Rc5 Qf6 19. Rce5 Rd7 20. h3 Rad8 21.
Qa4 Bxh3 22. R1e3 Bg4 23. Qxa7 Ne6 24. Qa5 c5 25. d5 Rxd5 26. Rxd5 Rxd5 27. Qa8+
Qd8 28. Qxd8+ Rxd8 29. Ne5 Nf4 30. Bc4 Be6 31. Bxe6 Nxe6 32. Rb3 Rd5 33. Nc4 Rd4
34. Na5 Ra4 35. Nxb7 Rxa2 36. Nd6 Ra7 37. Kf1 Rd7 38. Rb8+ Kh7 39. Nc4 Rd5 40.
Rb7 Kg8 41. Ke2 Nf4+ 42. Kf3 Ne6 43. Ke4 Rd4+ 44. Ke3 0-1

[Event "UNAM w Prelim C"]
[Site "Mexico City MEX"]
[Date "2012.11.18"]
[Round "3.3"]
[White "Ordaz Valdes, Lisandra Teresa"]
[Black "Botez, Alexandra"]
[Result "1-0"]
[WhiteTitle "WGM"]
[BlackTitle "WCM"]
[WhiteElo "2350"]
[BlackElo "2015"]
[WhiteFideId "3506940"]
[BlackFideId "2603365"]
[EventDate "2012.11.16"]

1. d4 Nf6 2. c4 g6 3. Nc3 d6 4. e4 Bg7 5. f4 O-O 6. Nf3 c5 7. dxc5 Qa5 8. Bd3
Qxc5 9. Qe2 Ne8 10. Be3 Qa5 11. O-O Nc6 12. Rac1 Bg4 13. Qf2 Nc7 14. Bb1 f5 15.
Nd5 Nxd5 16. exd5 Bxf3 17. Qxf3 Nd8 18. Qf2 e5 19. dxe6 Nxe6 20. Rfd1 Rfd8 21.
Rd5 Qb4 22. Rb5 Qa4 23. Rxb7 Nc5 24. b3 Qc6 25. Rxg7+ Kxg7 26. Bd4+ Kg8 27. Ba1
Ne6 28. Qb2 Qc5+ 29. Kh1 Qe3 30. Rd1 Kf7 31. Qf6+ Ke8 32. Qh8+ Kd7 33. Qxh7+ Kc6
34. Bxf5 gxf5 1-0

[Event "UNAM w Prelim C"]
[Site "Mexico City MEX"]
[Date "2012.11.18"]
[Round "3.4"]
[White "Botez, Alexandra"]
[Black "Ordaz Valdes, Lisandra Teresa"]
[Result "0-1"]
[WhiteTitle "WCM"]
[BlackTitle "WGM"]
[WhiteElo "2015"]
[BlackElo "2350"]
[WhiteFideId "2603365"]
[BlackFideId "3506940"]
[EventDate "2012.11.16"]

1. d4 d5 2. c4 e6 3. Nf3 Nf6 4. Nc3 Be7 5. Bg5 O-O 6. e3 h6 7. Bh4 Ne4 8. Bxe7
Qxe7 9. Rc1 c6 10. Bd3 Nxc3 11. Rxc3 dxc4 12. Bxc4 Nd7 13. O-O e5 14. Qc2 Rd8
15. Rd1 e4 16. Nd2 Nf6 17. Be2 Bf5 18. Rc5 Nd5 19. a3 Rac8 20. b4 a6 21. Qb1 Rd6
22. Nc4 Re6 23. Rc1 Bh7 24. Ne5 Rd8 25. Bxa6 Rxe5 26. Bxb7 Qxb7 27. dxe5 Ne7 28.
b5 cxb5 29. Rc7 Qa8 30. Rxe7 Qxa3 31. Rec7 Bg6 32. Qxb5 Qd3 33. Qa4 Qd5 34. R7c5
Qe6 35. h3 Kh7 36. Qa5 Re8 37. Rb1 Bf5 38. Rb6 Qe7 39. Qb5 Rd8 40. Rd6 Ra8 41.
g4 Ra1+ 42. Kg2 Bxg4 43. Qb2 Bc8 0-1

[Event "UNAM w Prelim C"]
[Site "Mexico City MEX"]
[Date "2012.11.18"]
[Round "3.1"]
[White "Toro Pradenas, Maria Jose"]
[Black "Maisuradze, Nino"]
[Result "0-1"]
[WhiteTitle "WFM"]
[BlackTitle "WGM"]
[WhiteElo "2009"]
[BlackElo "2315"]
[WhiteFideId "3412610"]
[BlackFideId "13601717"]
[EventDate "2012.11.16"]

1. e4 c5 2. c3 d5 3. exd5 Qxd5 4. d4 Nf6 5. Nf3 Bg4 6. Be2 e6 7. O-O Nc6 8. Be3
cxd4 9. cxd4 Be7 10. Nc3 Qd6 11. h3 Bh5 12. a3 O-O 13. Qb3 Rfd8 14. Rfd1 Nd5 15.
Nxd5 Qxd5 16. Qxd5 Rxd5 17. g4 Bg6 18. Bc4 Rdd8 19. Ne5 Be4 20. f4 Na5 21. Ba2
g6 22. Rac1 Rac8 23. b4 Nc6 24. Kf2 Kg7 25. Nxc6 Rxc6 26. Rxc6 Bxc6 27. d5 exd5
28. Bxa7 Bf6 29. g5 Be7 30. Bd4+ Kg8 31. Bb2 h6 32. h4 h5 33. Bb3 Kf8 34. a4
Bxb4 35. Ke3 Bc5+ 36. Bd4 Re8+ 37. Kf3 Bb4 38. Bb6 d4+ 39. Kf2 Re3 40. Bc4 Rf3+
41. Ke2 Rxf4 42. Bxd4 Rxh4 43. Bb5 Bxb5+ 44. axb5 Be7 45. Be3 Rh2+ 46. Kf3 Rb2
47. b6 Rb3 48. Rd7 Bxg5 49. Rxb7 Rxe3+ 50. Kf2 Rb3 51. Rb8+ Kg7 52. b7 Be3+ 53.
Kg2 Ba7 0-1

[Event "UNAM w Prelim C"]
[Site "Mexico City MEX"]
[Date "2012.11.18"]
[Round "3.2"]
[White "Maisuradze, Nino"]
[Black "Toro Pradenas, Maria Jose"]
[Result "1-0"]
[WhiteTitle "WGM"]
[BlackTitle "WFM"]
[WhiteElo "2315"]
[BlackElo "2009"]
[WhiteFideId "13601717"]
[BlackFideId "3412610"]
[EventDate "2012.11.16"]

1. d4 d5 2. c4 c6 3. Nc3 Nf6 4. cxd5 cxd5 5. Bf4 Nc6 6. e3 a6 7. Bd3 Bg4 8. Nge2
e6 9. Qb3 Bd6 10. Bxd6 Qxd6 11. Qxb7 O-O 12. Qb3 Rfb8 13. Qa3 Nb4 14. O-O Qb6
15. Bb1 a5 16. b3 Qa6 17. f3 Bh5 18. Qb2 Bg6 19. Bxg6 hxg6 20. Qd2 Ne8 21. Na4
Rc8 22. Rfc1 Nd6 23. Nc5 Qa7 24. Nf4 Kf8 25. Nfd3 Nc6 26. Rc2 Ke7 27. Rac1 Nd8
28. Ne5 g5 29. Na4 f6 30. Nd3 Qa6 31. Nac5 Qb5 32. a4 Qb6 33. Qe2 Nc6 34. Rc3
Nf5 35. Qf2 Nb4 36. Nxb4 Qxb4 37. Qd2 Qb6 38. e4 dxe4 39. fxe4 Nd6 40. e5 Nf5
41. exf6+ gxf6 42. Re1 Ng7 43. Rce3 Kf7 44. Qf2 Rc6 45. Rf3 Qd8 46. Ne4 f5 47.
d5 Qxd5 48. Nxg5+ Kg6 49. Nh3 Qc5 50. Nf4+ Kf6 51. Rfe3 e5 52. Rxe5 Qxe5 53.
Rxe5 Kxe5 54. Nd3+ Kd6 55. Qd4+ Kc7 56. Qxg7+ Kb6 57. Qd4+ Kb7 58. Nc5+ Kc7 59.
Qe5+ Kb6 60. Nd7+ Kb7 61. Qd5 Rc8 62. Ne5 1-0

[Event "UNAM w Prelim C"]
[Site "Mexico City MEX"]
[Date "2012.11.18"]
[Round "3.3"]
[White "Toro Pradenas, Maria Jose"]
[Black "Maisuradze, Nino"]
[Result "0-1"]
[WhiteTitle "WFM"]
[BlackTitle "WGM"]
[WhiteElo "2009"]
[BlackElo "2315"]
[WhiteFideId "3412610"]
[BlackFideId "13601717"]
[EventDate "2012.11.16"]

1. e4 c5 2. c3 d5 3. exd5 Qxd5 4. d4 Nf6 5. Nf3 Bg4 6. Be2 e6 7. O-O Nc6 8. Be3
cxd4 9. cxd4 Be7 10. Nc3 Qd6 11. h3 Bh5 12. a3 O-O 13. Qb3 a6 14. Rac1 b5 15.
Rfd1 Rfd8 16. Qc2 Rac8 17. Qd2 Bg6 18. b4 Ne4 19. Nxe4 Bxe4 20. Bf4 Qd5 21. Qe3
Bg6 22. Ne5 Be4 23. Rc5 Bxc5 24. dxc5 Nd4 25. Rd2 f6 26. Ng4 e5 27. Bh6 Qc6 28.
Bxg7 Nf5 29. Rxd8+ Rxd8 30. Nxf6+ Kxg7 31. Qg5+ Kh8 32. Bh5 Rf8 33. Ne8 Rg8 34.
Qd8 Bxg2 35. Bf7 Bxh3+ 0-1

[Event "UNAM w Prelim C"]
[Site "Mexico City MEX"]
[Date "2012.11.18"]
[Round "3.4"]
[White "Maisuradze, Nino"]
[Black "Toro Pradenas, Maria Jose"]
[Result "1-0"]
[WhiteTitle "WGM"]
[BlackTitle "WFM"]
[WhiteElo "2315"]
[BlackElo "2009"]
[WhiteFideId "13601717"]
[BlackFideId "3412610"]
[EventDate "2012.11.16"]

1. d4 d5 2. c4 c6 3. Nc3 Nf6 4. cxd5 cxd5 5. Bf4 e6 6. e3 a6 7. Bd3 b5 8. Rc1
Bb7 9. h3 Bd6 10. Bxd6 Qxd6 11. f4 O-O 12. Nf3 Nbd7 13. Ne5 Rac8 14. O-O Ne4 15.
Bxe4 dxe4 16. Nxd7 Qxd7 17. Rf2 b4 18. Nb1 Bd5 19. b3 a5 20. Rfc2 f5 21. Rc5
Rxc5 22. Rxc5 a4 23. Nd2 axb3 24. axb3 Ra8 25. Qc1 h6 26. Kh2 Ra3 27. Nc4 Rxb3
28. Ne5 Qa4 29. Rc8+ Kh7 30. h4 Qa3 31. Qd1 Rxe3 32. Qh5 Rg3 33. Nf7 Rh3+ 34.
gxh3 Qb2+ 35. Kg3 Qb3+ 36. Kf2 Qb2+ 37. Ke1 Qa1+ 38. Qd1 Qa3 39. Rh8+ Kg6 40.
Ne5+ Kf6 41. Rf8+ Ke7 42. Rf7+ Ke8 43. Rxg7 Qe3+ 44. Qe2 Qc3+ 45. Qd2 e3 46.
Qxc3 bxc3 47. Rc7 Bg2 48. Rxc3 1-0

[Event "UNAM w Prelim C"]
[Site "Mexico City MEX"]
[Date "2012.11.18"]
[Round "3.1"]
[White "Gara, Ticia"]
[Black "Andrenko, Irina"]
[Result "1/2-1/2"]
[WhiteTitle "WGM"]
[BlackTitle "WIM"]
[WhiteElo "2377"]
[BlackElo "2233"]
[WhiteFideId "717444"]
[BlackFideId "14118270"]
[EventDate "2012.11.16"]

1. e4 c5 2. Nf3 e6 3. d4 cxd4 4. Nxd4 Nc6 5. Nc3 Qc7 6. Be2 a6 7. O-O Nf6 8. Kh1
Nxd4 9. Qxd4 Bc5 10. Qd3 O-O 11. f4 d6 12. f5 Nd7 13. Qg3 Kh8 14. Bg5 exf5 15.
exf5 f6 16. Bf4 Ne5 17. Bd3 Bd4 18. Bd2 Bxc3 19. Bxc3 Bd7 20. Rf4 Bc6 21. Rh4
Bd5 22. Qh3 Bg8 23. Rd1 Nxd3 24. Qxd3 d5 25. Re1 Rae8 26. Re3 Rxe3 27. Qxe3 Qd8 1/2-1/2